| 000 | 00608nam a2200193 a 4500 | ||
|---|---|---|---|
| 005 | 20230309063647.0 | ||
| 008 | 041109s1997 ag r 000 0 spa d | ||
| 035 | _aUPN01000136294 | ||
| 049 | _aCG | ||
| 050 | 4 |
_aBF692 _bE8.4 |
|
| 100 | 1 | _aEtchegoyen, Ricardo Horacio | |
| 245 | 1 | 0 |
_aEstudios de clínica psicoanalítica sobre la sexualidad / _cRicardo H. Etchegoyen, Bernardo Arensburg. |
| 260 |
_aBuenos Aires : _bNueva Visión, _c1997. |
||
| 300 | _a124 p. | ||
| 440 | 0 | _aPsicología contemporánea | |
| 650 | 4 |
_aSexo (Psicología) _97377 |
|
| 700 | 1 |
_aArensburg, Bernardo, _ecoaut. |
|
| 905 | _aLibro | ||
| 999 |
_c108445 _d108445 |
||